Languages Spoken By the Countries in the Ring - Statistics

General Stats
  • This quiz has been taken 127 times
  • The average score is 30 of 31
Answers on the Map
Answers color-coded by a green-red scale on the quiz's map according to % correct below.
 
Answer Stats
Language Country % Correct
English Canada
100%
English Gambia
100%
English Guyana
100%
English Sierra Leone
100%
English UK
100%
English USA
100%
French France
100%
French Guniea
100%
French Mali
100%
French Senegal
100%
Irish Ireland
100%
Spanish Belize
100%
Spanish Colombia
100%
Spanish Costa Rica
100%
Spanish El Salvador
100%
Spanish Guatemala
100%
Spanish Honduras
100%
Spanish Mexico
100%
Spanish Nicaragua
100%
Spanish Panama
100%
Spanish Spain
100%
Spanish Venezuela
100%
Portuguese Brazil
99%
Portuguese Guinea Bissau
99%
Icelandic Iceland
97%
Arabic Algeria
95%
Arabic Morocco
95%
Arabic Mauritania
95%
Danish Denmark
95%
Dutch Suriname
90%
Catalan Andorra
77%
No matching quizzes found
Score Distribution
Percent of People with Each Score
Percentile by Number Answered
Your Score History
You have not taken this quiz